Statistics for Wild Animals of Ireland Quiz

Click here to take the quiz!

General Stats

  • This quiz has been taken 103 times
  • The average score is 9 of 16

Answer Stats

Answer% Correct
Badger
100%
Fox
100%
Grey Squirrel
93%
Red Squirrel
93%
Hedgehog
73%
Otter
73%
Hare
67%
Rabbit
67%
Red Deer
53%
Field Mouse
33%
Pine Marten
33%
Stoat
33%
Common Frog
20%
Fallow Deer
20%
Bank Vole
13%
Common Lizard
7%

Score Distribution

Percentile by Number Answered

Percent of People with Each Score

Your Score History

You have not taken this quiz